000 00686nam a22001697a 4500
005 20260219115128.0
008 260219b |||||||| |||| 00| 0 eng d
020 _a9789393875129
040 _cVITAP
082 _223
_a954.82 NAM
100 _aNambath, Suresh Ed.
_917148
245 _aTamil Nadu in Focus
_b: Culture And Society; Politics and Governance
_c/ Suresh Nambath Ed.
260 _aChennai
_bTHG Publishing Pvt Ltd.
_c2023
300 _a240p, ill.: 26cm
650 0 _aPhysical Features, History of Tamil Nadu, Administration & Politics, Economy, Culture & Heritage Tamil language and litera, Education & Social Development, Art & Architecture etc.
_917149
942 _2ddc
_cREF
999 _c47303
_d47303